Police peacekeeping : (Record no. 613944)
[ view plain ]
| 000 -LEADER | |
|---|---|
| fixed length control field | 01379cam a2200373 i 4500 |
| 001 - CONTROL NUMBER | |
| control field | 23030382 |
| 005 - DATE AND TIME OF LATEST TRANSACTION | |
| control field | 20250627122730.0 |
| 008 - FIXED-LENGTH DATA ELEMENTS--GENERAL INFORMATION | |
| fixed length control field | 230322t20232023nyu b 001 0 eng |
| 010 ## - LIBRARY OF CONGRESS CONTROL NUMBER | |
| LC control number | 2023935134 |
| 020 ## - INTERNATIONAL STANDARD BOOK NUMBER | |
| International Standard Book Number | 9780198886617 |
| Qualifying information | (hardback ; |
| -- | alk. paper) |
| 020 ## - INTERNATIONAL STANDARD BOOK NUMBER | |
| Canceled/invalid ISBN | 9780191994388 |
| 020 ## - INTERNATIONAL STANDARD BOOK NUMBER | |
| Canceled/invalid ISBN | 9780198886624 |
| 020 ## - INTERNATIONAL STANDARD BOOK NUMBER | |
| Canceled/invalid ISBN | 9780198886631 |
| Qualifying information | (epub) |
| 040 ## - CATALOGING SOURCE | |
| Original cataloging agency | DLC |
| Language of cataloging | eng |
| Description conventions | rda |
| Transcribing agency | DLC |
| 042 ## - AUTHENTICATION CODE | |
| Authentication code | pcc |
| 043 ## - GEOGRAPHIC AREA CODE | |
| Geographic area code | nwht--- |
| 050 00 - LIBRARY OF CONGRESS CALL NUMBER | |
| Classification number | JZ6374 |
| Item number | .P56 2023 |
| 082 ## - DEWEY DECIMAL CLASSIFICATION NUMBER | |
| Classification number | 341.584 |
| Author Mark | PIN 2023 |
| 100 1# - MAIN ENTRY--PERSONAL NAME | |
| Personal name | Pingeot, Lou, |
| Relator term | author. |
| 9 (RLIN) | 129259 |
| 245 10 - TITLE STATEMENT | |
| Title | Police peacekeeping : |
| Remainder of title | the UN, Haiti, and the production of global social order / |
| Statement of responsibility, etc. | Lou Pingeot. |
| 264 #1 - PRODUCTION, PUBLICATION, DISTRIBUTION, MANUFACTURE, AND COPYRIGHT NOTICE | |
| Place of production, publication, distribution, manufacture | Oxford, United Kingdom ; |
| -- | New York : |
| Name of producer, publisher, distributor, manufacturer | Oxford University Press, |
| Date of production, publication, distribution, manufacture, or copyright notice | [2023] |
| 264 #4 - PRODUCTION, PUBLICATION, DISTRIBUTION, MANUFACTURE, AND COPYRIGHT NOTICE | |
| Date of production, publication, distribution, manufacture, or copyright notice | ©2023 |
| 300 ## - PHYSICAL DESCRIPTION | |
| Extent | xi, 292 pages ; |
| Dimensions | 24 cm |
| Other physical details | photocopy; |
| 336 ## - CONTENT TYPE | |
| Content type term | text |
| Content type code | txt |
| Source | rdacontent |
| 337 ## - MEDIA TYPE | |
| Media type term | unmediated |
| Media type code | n |
| Source | rdamedia |
| 338 ## - CARRIER TYPE | |
| Carrier type term | volume |
| Carrier type code | nc |
| Source | rdacarrier |
| 504 ## - BIBLIOGRAPHY, ETC. NOTE | |
| Bibliography, etc. note | Includes bibliographical references (pages 255-287) and index. |
| 610 20 - SUBJECT ADDED ENTRY--CORPORATE NAME | |
| Corporate name or jurisdiction name as entry element | United Nations |
| General subdivision | Peacekeeping forces |
| Geographic subdivision | Haiti. |
| 9 (RLIN) | 129260 |
| 650 #0 - SUBJECT ADDED ENTRY--TOPICAL TERM | |
| Topical term or geographic name entry element | International police |
| Geographic subdivision | Haiti. |
| 9 (RLIN) | 129261 |
| 651 #0 - SUBJECT ADDED ENTRY--GEOGRAPHIC NAME | |
| Geographic name | Haiti |
| General subdivision | Social conditions |
| Chronological subdivision | 21st century. |
| 9 (RLIN) | 129262 |
| 906 ## - LOCAL DATA ELEMENT F, LDF (RLIN) | |
| a | 7 |
| b | cbc |
| c | orignew |
| d | 2 |
| e | epcn |
| f | 20 |
| g | y-gencatlg |
| 942 ## - ADDED ENTRY ELEMENTS (KOHA) | |
| Source of classification or shelving scheme | |
| Koha item type | Book |
| Withdrawn status | Lost status | Source of classification or shelving scheme | Damaged status | Not for loan | Permanent Location | Current Location | Shelving location | Date acquired | Total Checkouts | Full call number | Barcode | Date last seen | Price effective from | Koha item type |
|---|---|---|---|---|---|---|---|---|---|---|---|---|---|---|
| Centre for International Peace & Stability (CIPS) | Centre for International Peace & Stability (CIPS) | General Stacks | 06/04/2025 | 341.584 PIN 2023 | CIPS0002928 | 06/27/2025 | 06/27/2025 | Book |
